000 00772cam a22002411 4500
001 ne 67000179
003 DLC
005 20260227111829.0
008 810908m19661967ua b 000 0 arar
010 _ane 67000179
025 _aPL480:UAR-7882
035 _a(OCoLC)7743823
040 _aDLC
_cTU
_dTU
_dDLC
042 _apremarc
050 0 0 _aPJ7541
_b.I28
100 2 _aIbn Qutaybah, ʻAbd Allāh ibn Muslim,
_d828-889?
245 1 3 _aal-Shiʻr wa-al-shuʻarāʼ,
_cli-ibn Qutaybah taḥqīq wa-sharḥ Aḥmad Muḥammad Shākir.
260 _aMiṣr,
_bDār al-maʻārif,
_c1966-[67]
300 _a2 v.
_c24 cm.
504 _aBibliographical footnotes.
650 0 _aArabic poetry
_y750-1258
_xHistory and criticism.
700 1 _aShākir, Aḥmad Muḥammad,
_eed.
999 _c49341
_d49341